Deadliest Wars/Armed Conflicts in History - Statistics

General Stats
  • This quiz has been taken 157 times
  • The average score is 7 of 20
Answer Stats
Location Dead (millions) Answer % Correct
Global 15-22 World War I
99%
Global 70-85 World War II
99%
China 4-9 Chinese Civil War
53%
Russia 7-10 Russian Civil War
53%
Asia and Europe 20-60 Mongol invasions and conquests
50%
China 20-30 Taiping Rebellion
40%
Iberian peninsula 7 Reconquista
30%
Europe 4.5-8 Thirty Years’ War
30%
Europe 4-7 French Revolutionary/Napoleonic Wars
28%
China 34 Three Kingdoms
28%
Mexico 10.5 Spanish conquest of Mexico
27%
South America 7.7 Spanish conquest of the Inca Empire
27%
Europe/Middle East 1-9 The Crusades
27%
Democratic Republic of Congo 3-5.4 Second Congo War
25%
Colombia 5.25 Spanish conquest of New Granada
23%
Central/West/South Asia 7-17 Timur conquests
20%
China 13 An Lushan conflict
13%
China 25 Manchu conquest of China
8%
Indian subcontinent 4.6-5 Deccan Wars
3%
Horn of Africa 6 Conquests of Melenik II
1%
No matching quizzes found
Score Distribution
Percent of People with Each Score
Percentile by Number Answered
Your Score History
You have not taken this quiz